| 000 | 00365nam a22001577a 4500 | ||
|---|---|---|---|
| 003 | OSt | ||
| 005 | 20240613141623.0 | ||
| 008 | 220705b xxu||||| |||| 00| 0 eng d | ||
| 020 | _aNIL | ||
| 040 | _cIIMTU UNIVERSITY | ||
| 100 | _aRAO.M. GANGADHAR | ||
| 245 | _aORGANIZATIONAL BEHAVIOUR | ||
| 260 |
_aDELHI _bKONARK PUB. _c1987 |
||
| 300 | _a567 | ||
| 942 |
_2ddc _c02 |
||
| 999 |
_c52840 _d52840 |
||